000 00692cam a2200217 a 4500
001 1895158
005 20180221033931.0
008 840222s1984 gw b 000 0 eng
010 _a 84001409
020 _a0387132902 (U.S.)
040 _aDLC
_cDLC
_dDLC
_dOCoLC
_dDLC
041 _aeng
080 _a330.0924 SEI
082 0 0 _a330.0924 SEI
_219
100 _a52
101 _aEKO
245 0 0 _aLectures on Schumpeterian economics :
_cedited by Christian Seidl ; with contributions by Karl Acham ... [et al.].
504 _aBibliography: p. [207]-219.
906 _a7
_bcbc
_corignew
_d1
_eocip
_f19
_gy-gencatlg
942 _2ddc
_cBK
999 _c42981
_d42981